000 00525nam a2200169Ia 4500
008 180921t2010 xxu||||| |||| 00| 0 sin d
041 _asin
080 _a54
_bBAS
100 _aBasnayaka,Hemachandra
245 _aඅ.පො.ස. (උ.පෙ.) භෞතික රසායනය : සමතුලිතතාව
246 _aAa.Po.Sa.(U.Pe.) Bhautika Rasayanaya
_oSamatulithatawa
260 _bGodage
_aColombo
_c2010
300 _a656, 21 cm
942 _cBK
999 _c16318
_d16318
003 LK-CoDNM
040 _aLK-CoDNM
_dLK-CoDNM
_eLK-CoDNM